[Event "Genova Bombrini op"]
[Site "Genova"]
[Date "2014.10.04"]
[Round "2"]
[White "Saffioti, Massimo"]
[Black "Pesce, Gabriele"]
[Result "0-1"]
[WhiteElo "1891"]
[BlackElo "2209"]
[PlyCount "42"]
[EventDate "2014.10.03"]
[EventType "swiss"]
[EventRounds "5"]
[EventCountry "ITA"]
[SourceTitle "EXT 2016"]
[Source "ChessBase"]
[SourceDate "2015.10.08"]
[SourceVersion "1"]
[SourceVersionDate "2015.10.08"]
[SourceQuality "1"]

1. e4 e5 2. c4 Nc6 3. Nc3 Bc5 4. Na4 d6 5. d3 Nge7 6. Ne2 0-0 7. Nxc5 dxc5 8. Be3 b6 9. Qd2 Qd6 10. 0-0-0 Nd4 11. f4 Nec6 12. f5 Bd7 13. h4 Rfb8 14. h5 b5 15. h6 Nb4 16. Bxd4 cxd4 17. b3 a5 18. hxg7 a4 19. Qg5 Nxa2+ 20. Kc2 axb3+ 21. Kb1 Qa3 0-1

[Event "Milan Crespi op-A 34th"]
[Site "Milan"]
[Date "2013.12.06"]
[Round "3"]
[White "Saffioti, Massimo"]
[Black "Pedemonte, Claudio"]
[Result "1/2-1/2"]
[WhiteElo "1923"]
[BlackElo "1846"]
[PlyCount "100"]
[EventDate "2013.12.04"]
[EventType "swiss"]
[EventRounds "7"]
[EventCountry "ITA"]
[SourceTitle "EXT 2024"]
[Source "ChessBase"]
[SourceDate "2023.10.10"]
[SourceVersion "1"]
[SourceVersionDate "2023.10.10"]
[SourceQuality "1"]

1. e4 d6 2. g3 g6 3. c4 Bg7 4. Nc3 Nc6 5. Nge2 h5 6. h3 Be6 7. d3 Nd4 8. Nxd4 Bxd4 9. Qb3 b6 10. Ne2 Bg7 11. d4 Bd7 12. Bg2 Rb8 13. a4 a5 14. Be3 e5 15. 0-0-0 exd4 16. Nxd4 Ne7 17. f4 Nc6 18. Nb5 0-0 19. e5 Nb4 20. exd6 Bxb5 21. dxc7 Qxc7 22. axb5 Rbd8 23. Kb1 Rfe8 24. Bd5 Re7 25. Bd2 Re2 26. Rhe1 Rh2 27. Bc3 Rxh3 28. Bxb4 axb4 29. Qxb4 Rh2 30. Rd2 Rxd2 31. Qxd2 Qd7 32. Qe2 Qf5+ 33. Qe4 Re8 34. Bxf7+ Kxf7 35. Qxf5+ gxf5 36. Rd1 Ke6 37. Kc2 Re7 38. Rh1 Kd6 39. Rxh5 Re2+ 40. Kd3 Rxb2 41. Rxf5 Rb3+ 42. Ke4 Rxg3 43. Rd5+ Kc7 44. Kf5 Rc3 45. Ke6 Bf8 46. Rd7+ Kc8 47. Rh7 Bc5 48. Rh8+ Kc7 49. Rh7+ Kb8 50. Rh8+ Kc7 1/2-1/2